LEADER 01973oam 2200553M 450 001 9910716170903321 005 20200213070913.7 035 $a(CKB)5470000002518404 035 $a(OCoLC)1065602232 035 $a(OCoLC)995470000002518404 035 $a(EXLCZ)995470000002518404 100 $a20071213d1926 ua 0 101 0 $aeng 135 $aurcn||||||||| 181 $ctxt$2rdacontent 182 $cc$2rdamedia 183 $acr$2rdacarrier 200 10$aAmerican steamship "Almirante." January 16 (calendar day, January 19), 1926. -- Ordered to be printed 210 1$a[Washington, D.C.] :$c[U.S. Government Printing Office],$d1926. 215 $a1 online resource (2 pages) 225 1 $aSenate report / 69th Congress, 1st session. Senate ;$vno. 48 225 1 $a[United States congressional serial set ] ;$v[serial no. 8527] 300 $aBatch processed record: Metadata reviewed, not verified. Some fields updated by batch processes. 300 $aFDLP item number not assigned. 517 $aAmerican steamship "Almirante." January 16 606 $aMalicious mischief 606 $aVandalism 606 $aFreight and freightage 606 $aFreight and freightage$xAwards 606 $aLegislative amendments 606 $aCollisions at sea 606 $aShipwrecks 608 $aLegislative materials.$2lcgft 615 0$aMalicious mischief. 615 0$aVandalism. 615 0$aFreight and freightage. 615 0$aFreight and freightage$xAwards. 615 0$aLegislative amendments. 615 0$aCollisions at sea. 615 0$aShipwrecks. 701 $aBayard$b Thomas F$g(Thomas Francis),$f1868-1942$pDemocrat (DE)$01386175 801 0$bWYU 801 1$bWYU 801 2$bOCLCO 801 2$bOCLCQ 906 $aBOOK 912 $a9910716170903321 996 $aAmerican steamship "Almirante." January 16 (calendar day, January 19), 1926. -- Ordered to be printed$93471282 997 $aUNINA LEADER 01949nam 2200517 450 001 9910825369303321 005 20230817192211.0 010 $a1-61537-197-4 035 $a(CKB)4100000007814282 035 $a(MiAaPQ)EBC5728042 035 $a(EXLCZ)994100000007814282 100 $a20190410d2019 uy 0 101 0 $aeng 135 $aurcnu|||||||| 181 $ctxt$2rdacontent 182 $cc$2rdamedia 183 $acr$2rdacarrier 200 00$aApproach to the psychiatric patient $ecase-based essays /$fedited by John W. Barnhill 205 $aSecond edition. 210 1$aWashington, DC :$cAmerican Psychiatric Association Publishing,$d[2019] 210 4$dİ2019 215 $a1 online resource (618 pages) 311 $a1-61537-002-1 320 $aIncludes bibliographical references and index. 327 $aDouble depression and James Avery -- Geriatric depression and Peter Burke -- Mood instability and Amy Cahill -- Schizophrenia and Anthony Da Piazza -- Terminal illness and Dorothy Ewing -- Agitation and Stephen Franken -- Adolescent bereavement and Amelia Gutierrez -- Anxiety and Sophia Hastings -- Hypomania and Jennifer Ingram -- Exam failure and Grace Jin. 606 $aMental Disorders$xtherapy 606 $aMental Disorders$xdiagnosis 606 $aPsychiatry$xmethods 606 $aPsychotherapy$xmethods 606 $aTreatment Outcome 608 $aCase Reports 615 12$aMental Disorders$xtherapy 615 12$aMental Disorders$xdiagnosis 615 22$aPsychiatry$xmethods 615 22$aPsychotherapy$xmethods 615 22$aTreatment Outcome 676 $a616.89 702 $aBarnhill$b John W$g(John Warren),$f1959- 712 02$aAmerican Psychiatric Association Publishing, 801 0$bMiAaPQ 801 1$bMiAaPQ 801 2$bMiAaPQ 906 $aBOOK 912 $a9910825369303321 996 $aApproach to the psychiatric patient$94062142 997 $aUNINA